| Tag |
First Indicator |
Second Indicator |
Subfields |
| LEADER |
00000cam a2200000 a 4500 |
| 001 |
in00002786777 |
| 005 |
20151202171642.0 |
| 008 |
120406s2012 maua b 001 0 eng |
| 010 |
|
|
|a 2012009355
|
| 020 |
|
|
|a 9780262018135 (hbk. : alk. paper)
|
| 020 |
|
|
|a 0262018136 (hbk. : alk. paper)
|
| 035 |
|
|
|a (OCoLC)ocn785721728
|
| 040 |
|
|
|a DLC
|c DLC
|d UtOrBLW
|
| 049 |
|
|
|a TXAM
|
| 050 |
0 |
0 |
|a HE9713
|b .L564 2012
|
| 082 |
0 |
0 |
|a 303.48/33
|2 23
|
| 100 |
1 |
|
|a Ling, Richard Seyler.
|
| 245 |
1 |
0 |
|a Taken for grantedness :
|b the embedding of mobile communication into society /
|c Rich Ling.
|
| 264 |
|
1 |
|a Cambridge, Mass. :
|b MIT Press,
|c [2012]
|
| 264 |
|
4 |
|c ©2012
|
| 300 |
|
|
|a xi, 241 pages :
|b illustrations ;
|c 24 cm.
|
| 336 |
|
|
|a text
|b txt
|2 rdacontent
|
| 337 |
|
|
|a unmediated
|b n
|2 rdamedia
|
| 338 |
|
|
|a volume
|b nc
|2 rdacarrier
|
| 504 |
|
|
|a Includes bibliographical references and index.
|
| 520 |
|
|
|a In this book, Rich Ling explores the process by which the mobile phone has become embedded in society, comparing it to earlier technologies that changed the character of our social interaction and, along the way, became taken for granted. By examining the similarities and synergies between the mobile phone and the clock and the automobile, Ling sheds a more general light on how technical systems become embedded in society and how they support social interaction within the closest sphere of friends and family.
|
| 650 |
|
0 |
|a Cell phones
|x Social aspects.
|
| 650 |
|
0 |
|a Mobile communication systems
|x Social aspects.
|
| 650 |
|
0 |
|a Interpersonal communication
|x Technological innovations
|x Social aspects.
|
| 650 |
|
0 |
|a Communication and culture.
|
| 945 |
|
|
|a PromptCat
|
| 946 |
|
|
|a stk
|
| 947 |
|
|
|a A14836011387
|
| 948 |
|
|
|a cataloged
|b h
|c 2012/12/13
|d c
|e dmitchel
|f 3:00:00 pm
|
| 994 |
|
|
|a C0
|b TXA
|
| 999 |
|
|
|a MARS
|
| 999 |
f |
f |
|s 88d7466a-3479-339c-a45d-693bb44642d8
|i 4e39a34e-e10e-3fe8-9dbd-980f9bcaef39
|t 0
|
| 952 |
f |
f |
|p normal
|a Texas A&M University
|b College Station
|c Sterling C. Evans Library
|d Evans: Library Stacks
|t 0
|e HE9713 .L564 2012
|h Library of Congress classification
|i unmediated -- volume
|m A14836011387
|
| 998 |
f |
f |
|a HE9713 .L564 2012
|t 0
|l Evans: Library Stacks
|